[Event "EU Small Countries ol 8th"]
[Site "St Helier"]
[Date "2023.11.03"]
[Round "8.4"]
[White "Wojciechowski, Paul"]
[Black "Nielsen, Jon I Horni"]
[Result "0-1"]
[WhiteElo "1904"]
[BlackElo "2092"]
[PlyCount "90"]
[EventDate "2023.10.29"]
[EventType "team-tourn"]
[EventRounds "9"]
[EventCountry "GCI"]
[SourceTitle "Mega2024 Update 01"]
[Source "Chessbase"]
[SourceDate "2023.11.12"]
[SourceVersion "1"]
[SourceVersionDate "2023.11.12"]
[SourceQuality "1"]
[WhiteTeam "Jersey"]
[BlackTeam "Faroe Islands"]
[WhiteTeamCountry "GCI"]
[BlackTeamCountry "FAI"]

1. e4 e5 2. Nf3 Nc6 3. Bb5 a6 4. Ba4 Nf6 5. d4 exd4 6. 0-0 Be7 7. Re1 b5 8. Bb3 d6 9. Bd5 Bb7 10. Nxd4 Qd7 11. Nc3 0-0 12. Nxc6 Bxc6 13. Bxc6 Qxc6 14. Nd5 Nxd5 15. exd5 Qd7 16. Qf3 Bf6 17. c3 Rfe8 18. Bd2 Rab8 19. Rab1 a5 20. Re4 Rxe4 21. Qxe4 Re8 22. Qd3 g6 23. Kf1 Re5 24. Re1 c5 25. dxc6 Qxc6 26. Rxe5 Bxe5 27. h3 Kg7 28. b3 d5 29. g4 a4 30. f4 Bc7 31. f5 Be5 32. Qe3 Qf6 33. Qd3 axb3 34. axb3 Qc6 35. Qe3 Qd6 36. Qh6+ Kg8 37. b4 d4 38. cxd4 Qxd4 39. Qe3 Qc4+ 40. Qe2 Qd5 41. Qg2 Qd3+ 42. Ke1 Kg7 43. Qc6 Qxh3 44. Qxb5 Qg3+ 45. Kd1 Qxg4+ 0-1

[Event "EU Small Countries ol 8th"]
[Site "St Helier"]
[Date "2023.11.02"]
[Round "7.4"]
[White "Leardini, Mirko"]
[Black "Nielsen, Jon I Horni"]
[Result "0-1"]
[WhiteElo "1587"]
[BlackElo "2092"]
[PlyCount "106"]
[EventDate "2023.10.29"]
[EventType "team-tourn"]
[EventRounds "9"]
[EventCountry "GCI"]
[SourceTitle "Mega2024 Update 01"]
[Source "Chessbase"]
[SourceDate "2023.11.12"]
[SourceVersion "1"]
[SourceVersionDate "2023.11.12"]
[SourceQuality "1"]
[WhiteTeam "San Marino"]
[BlackTeam "Faroe Islands"]
[WhiteTeamCountry "SMR"]
[BlackTeamCountry "FAI"]

1. e4 e5 2. Nf3 Nc6 3. Bc4 Nf6 4. d4 exd4 5. e5 d5 6. Bb5 Ne4 7. Nxd4 Bd7 8. Bxc6 bxc6 9. 0-0 Bc5 10. f3 Ng5 11. f4 Ne4 12. Be3 0-0 13. Nd2 Bxd4 14. Bxd4 Bf5 15. Nxe4 Bxe4 16. Qg4 Re8 17. h4 Qe7 18. f5 c5 19. f6 Qf8 20. Bc3 g6 21. Qf4 Rab8 22. Ba5 Rb7 23. c3 Rxb2 24. Rf2 Rb7 25. Re1 Re6 26. Rxe4 dxe4 27. Qxe4 Rb5 28. Bxc7 h6 29. Rd2 Kh8 30. Rd7 c4 31. h5 gxh5 32. Bd6 Qg8 33. Qf4 Qg6 34. Rd8+ Kh7 35. Rf8 Rb1+ 36. Kh2 Rb2 37. Qf3 h4 38. a3 Rd2 39. a4 Rd3 40. Qf2 h3 41. g3 Rxc3 42. Kxh3 Rd3 43. Qf4 c3 44. Rc8 Qh5+ 45. Qh4 Qf5+ 46. Qg4 Qf1+ 47. Kh4 Qh1+ 48. Qh3 Rd4+ 49. g4 Qc1 50. Qxc3 Qg5+ 51. Kh3 Qxg4+ 52. Kh2 Qe2+ 53. Kh1 Rd1+ 0-1

[Event "EU Small Countries blitz op 8th"]
[Site "St Helier"]
[Date "2023.11.02"]
[Round "6"]
[White "Nielsen, Jon I Horni"]
[Black "Ferster, Fabian"]
[Result "0-1"]
[WhiteElo "1963"]
[BlackElo "2108"]
[PlyCount "78"]
[EventDate "2023.11.02"]
[EventType "swiss (blitz)"]
[EventRounds "11"]
[EventCountry "GCI"]
[SourceTitle "CB46_2023"]
[SourceDate "2023.11.15"]
[SourceVersion "1"]
[SourceVersionDate "2023.11.15"]
[SourceQuality "1"]

1. e4 e6 2. d4 d5 3. Nd2 Nc6 4. Ngf3 Nf6 5. e5 Nd7 6. c3 f6 7. exf6 Qxf6 8. Bd3 Bd6 9. Nf1 0-0 10. Bg5 Qf7 11. Qc2 h6 12. Bh4 e5 13. dxe5 Ndxe5 14. Nxe5 Nxe5 15. 0-0-0 Qf4+ 16. Kb1 Qxh4 17. Ng3 Nxd3 18. Qxd3 Bxg3 19. Qxd5+ Kh8 20. fxg3 Qf6 21. Rhf1 Qxf1 22. Rxf1 Rxf1+ 23. Kc2 Bf5+ 24. Kb3 Re8 25. Qxb7 Rf2 26. Qxa7 Ree2 27. Qxc7 Rxb2+ 28. Kc4 Rxa2 29. Kd5 Rad2+ 30. Ke5 Bg6 31. h4 Rxg2 32. Kf4 Rdf2+ 33. Ke3 Bh5 34. Qd8+ Kh7 35. Qd3+ Bg6 36. Qd6 Rc2 37. Kf4 Rgf2+ 38. Ke5 Rce2+ 39. Kd4 Rd2+ 0-1

[Event "EU Small Countries blitz op 8th"]
[Site "St Helier"]
[Date "2023.11.02"]
[Round "7"]
[White "Strade, Arita"]
[Black "Nielsen, Jon I Horni"]
[Result "0-1"]
[WhiteElo "1818"]
[BlackElo "1963"]
[PlyCount "86"]
[EventDate "2023.11.02"]
[EventType "swiss (blitz)"]
[EventRounds "11"]
[EventCountry "GCI"]
[SourceTitle "CB46_2023"]
[SourceDate "2023.11.15"]
[SourceVersion "1"]
[SourceVersionDate "2023.11.15"]
[SourceQuality "1"]

1. e4 e5 2. Nf3 Nc6 3. Bb5 a6 4. Bxc6 dxc6 5. 0-0 Nf6 6. d4 exd4 7. Nxd4 Bc5 8. Nf5 Bxf5 9. exf5 0-0 10. Qf3 Qd5 11. Nd2 Rfe8 12. c4 Qe5 13. Nb3 Ba7 14. Bf4 Qxf5 15. c5 Bxc5 16. Nxc5 Qxc5 17. Bxc7 Qd5 18. Qg3 Ne4 19. Qf4 Qg5 20. Qxg5 Nxg5 21. Bf4 Ne6 22. Be3 Rad8 23. Rac1 Rd5 24. b4 f6 25. h3 Red8 26. Bb6 R8d7 27. a4 Nf4 28. Be3 Ne2+ 29. Kh1 Nxc1 30. Rxc1 Rd1+ 31. Rxd1 Rxd1+ 32. Kh2 Rb1 33. Bc5 a5 34. bxa5 Ra1 35. Kg3 Rxa4 36. Bb6 Kf7 37. Kf3 Ke6 38. Ke3 Kd5 39. Kd3 c5 40. Kc3 Ra2 41. g3 Rxf2 42. h4 Rf3+ 43. Kc2 Rxg3 0-1

[Event "EU Small Countries ol 8th"]
[Site "St Helier"]
[Date "2023.11.01"]
[Round "5.4"]
[White "Morgan, Jamie"]
[Black "Nielsen, Jon I Horni"]
[Result "0-1"]
[WhiteElo "1774"]
[BlackElo "2092"]
[PlyCount "86"]
[EventDate "2023.10.29"]
[EventType "team-tourn"]
[EventRounds "9"]
[EventCountry "GCI"]
[SourceTitle "Mega2024 Update 01"]
[Source "Chessbase"]
[SourceDate "2023.11.12"]
[SourceVersion "1"]
[SourceVersionDate "2023.11.12"]
[SourceQuality "1"]
[WhiteTeam "Guernsey"]
[BlackTeam "Faroe Islands"]
[WhiteTeamCountry "GCI"]
[BlackTeamCountry "FAI"]

1. e4 e5 2. Bc4 Nc6 3. d3 Nf6 4. Nf3 Bc5 5. 0-0 d6 6. c3 a5 7. d4 exd4 8. cxd4 Bb6 9. d5 Ne5 10. Nxe5 dxe5 11. Nc3 h6 12. h3 0-0 13. Qf3 Qe7 14. Be3 Nd7 15. Bxb6 Nxb6 16. Bb5 Rd8 17. Rfd1 Rd6 18. Rd3 Rf6 19. Qh5 Bd7 20. Bxd7 Nxd7 21. d6 Rxd6 22. Nd5 Qf8 23. Rad1 c6 24. Ne7+ Qxe7 25. Rxd6 Nb6 26. Qg4 h5 27. Qxh5 Nd5 28. exd5 Qxd6 29. dxc6 Qxc6 30. Qxe5 b6 31. Qd5 Qe8 32. Rd3 Qe1+ 33. Kh2 Re8 34. Rf3 Qe7 35. g3 Rd8 36. Rxf7 Rxd5 37. Rxe7 Rd2 38. b3 Rxf2+ 39. Kg1 Rxa2 40. Rb7 Rb2 41. Rxb6 a4 42. Ra6 axb3 43. Ra1 Rc2 0-1

[Event "Piestany op-A"]
[Site "Piestany"]
[Date "2023.07.13"]
[Round "3"]
[White "Maryasin, Boris Feliksovich"]
[Black "Nielsen, Jon I Horni"]
[Result "1-0"]
[WhiteElo "2266"]
[BlackElo "2063"]
[PlyCount "83"]
[EventDate "2023.07.11"]
[EventType "swiss"]
[EventRounds "9"]
[EventCountry "SVK"]
[SourceTitle "EXT 2024"]
[Source "ChessBase"]
[SourceDate "2023.10.10"]
[SourceVersion "1"]
[SourceVersionDate "2023.10.10"]
[SourceQuality "1"]

1. e4 e5 2. Nf3 Nc6 3. Bb5 a6 4. Ba4 Nf6 5. 0-0 b5 6. Bb3 Be7 7. Re1 0-0 8. d4 d6 9. c3 Bg4 10. d5 Na5 11. Bc2 c6 12. h3 Bc8 13. dxc6 Qc7 14. Nbd2 Qxc6 15. Nf1 Re8 16. a4 h6 17. Ng3 Bf8 18. Qe2 Be6 19. axb5 axb5 20. Bd3 Bc4 21. Nf5 Nb3 22. Rxa8 Rxa8 23. Nd2 Nxd2 24. Qxd2 Nd7 25. Bc2 Nc5 26. Qd1 Be6 27. Nd4 exd4 28. cxd4 d5 29. dxc5 Bxc5 30. e5 g6 31. Bxh6 Bd4 32. Qxd4 Qxc2 33. Qh4 g5 34. Bxg5 Ra4 35. f4 Rb4 36. Bf6 Qh7 37. Qf2 Qd3 38. Re3 Qd4 39. Be7 Rc4 40. Qg3+ Kh7 41. Bf6 Bg4 42. Qh4+ 1-0

[Event "Nordic-ch U18"]
[Site "Torshavn"]
[Date "2021.09.11"]
[Round "4"]
[White "Muntean, Victor"]
[Black "Nielsen, Jon I Horni"]
[Result "0-1"]
[WhiteElo "1900"]
[BlackElo "1772"]
[PlyCount "94"]
[EventDate "2021.09.10"]
[EventType "swiss"]
[EventRounds "6"]
[EventCountry "FAI"]
[SourceTitle "EXT 2023"]
[Source "ChessBase"]
[SourceDate "2022.10.05"]
[SourceVersion "1"]
[SourceVersionDate "2022.10.05"]
[SourceQuality "1"]

1. e4 e5 2. Nf3 Nc6 3. Bc4 Bc5 4. c3 Nf6 5. d3 d6 6. 0-0 Be6 7. Bb3 0-0 8. Re1 h6 9. h3 Re8 10. Bc2 d5 11. Nxe5 Nxe5 12. d4 Nxe4 13. dxc5 Ng6 14. Be3 Qe7 15. b4 Rad8 16. Qc1 f5 17. Bd4 Qh4 18. Nd2 Ng5 19. Nf1 Nf4 20. Re3 Nxg2 21. Rxe6 Rxe6 22. Bxf5 Re1 23. Qc2 Rxa1 24. Kxg2 Qf4 25. Ng3 Qf3+ 26. Kh2 h5 27. h4 Ne4 28. c4 Nxg3 29. Be6+ Kf8 30. Bxa1 Qh1+ 31. Kxg3 Qg1+ 32. Kh3 Qxa1 33. cxd5 Qf6 34. Qe2 g6 35. Qe3 Kg7 36. f4 Re8 37. Kg3 c6 38. Qd3 cxd5 39. Bxd5 Rd8 40. Qc4 Rd7 41. a4 Qa1 42. b5 Qe1+ 43. Kh3 Qe3+ 44. Kh2 Re7 45. a5 Qf2+ 46. Bg2 Re1 47. Qd5 Qxf4+ 0-1

[Event "Nordic-ch U18"]
[Site "Torshavn"]
[Date "2021.09.10"]
[Round "1"]
[White "Nielsen, Jon I Horni"]
[Black "Meskenas, Paulius"]
[Result "0-1"]
[WhiteElo "1772"]
[BlackElo "2048"]
[PlyCount "70"]
[EventDate "2021.09.10"]
[EventType "swiss"]
[EventRounds "6"]
[EventCountry "FAI"]
[SourceTitle "EXT 2023"]
[Source "ChessBase"]
[SourceDate "2022.10.05"]
[SourceVersion "1"]
[SourceVersionDate "2022.10.05"]
[SourceQuality "1"]

1. e4 e5 2. Nf3 Nc6 3. Bb5 a6 4. Ba4 Nf6 5. 0-0 b5 6. Bb3 Bc5 7. c3 d6 8. d4 Bb6 9. h3 0-0 10. Be3 Bb7 11. d5 Ne7 12. Bxb6 cxb6 13. Nbd2 Ng6 14. a4 bxa4 15. Bxa4 b5 16. Bc2 Qb6 17. g3 Rac8 18. Qe2 Nh5 19. Kh2 Nf6 20. Bd3 Rfe8 21. Rfc1 Rc7 22. Nf1 Bxd5 23. Ne3 Bb7 24. Nd2 d5 25. exd5 e4 26. Bb1 Nxd5 27. Ndf1 Nf6 28. Rd1 Ne5 29. Ba2 Bc8 30. Nd5 Nxd5 31. Bxd5 Nf3+ 32. Kg2 Bxh3+ 33. Kh1 Bxf1 34. Qxf1 Qh6+ 35. Kg2 Qh2# 0-1

[Event "FAI-chT2 2021"]
[Site "Faroe Islands"]
[Date "2020.10.04"]
[Round "1.2"]
[White "Nielsen, Jon I Horni"]
[Black "Guttesen, Joannes"]
[Result "1/2-1/2"]
[WhiteElo "1756"]
[BlackElo "1766"]
[PlyCount "83"]
[EventDate "2020.10.04"]
[EventType "team-tourn"]
[EventRounds "10"]
[EventCountry "FAI"]
[SourceTitle "EXT 2022"]
[Source "ChessBase"]
[SourceDate "2021.10.06"]
[SourceVersion "1"]
[SourceVersionDate "2021.10.06"]
[SourceQuality "1"]
[WhiteTeam "Sandavagur II"]
[BlackTeam "Havnin III"]
[WhiteTeamCountry "FAI"]
[BlackTeamCountry "FAI"]

1. e4 d5 2. exd5 Qxd5 3. Nc3 Qd8 4. d4 Nf6 5. Be3 e6 6. g3 c6 7. Bg2 Bb4 8. Nge2 0-0 9. 0-0 Nbd7 10. a3 Bd6 11. Qd2 Qc7 12. Rad1 Rb8 13. Bf4 b6 14. Rfe1 Bb7 15. Bxd6 Qxd6 16. Nc1 Qc7 17. Nd3 Rfd8 18. Qe2 Ba6 19. Qe3 Bc4 20. Nb4 Nd5 21. Ncxd5 cxd5 22. b3 a5 23. bxc4 axb4 24. cxd5 exd5 25. axb4 Qxc2 26. Bxd5 Nf6 27. Bb3 Qf5 28. Qe5 Qf3 29. Re3 Qg4 30. f3 Qc8 31. Qb5 h6 32. Kg2 Qb7 33. Re5 Ng4 34. Re2 Nf6 35. Rd3 Rd7 36. Rc2 Rbd8 37. Rc6 Rd6 38. d5 Qe7 39. Rxd6 Qe2+ 40. Kg1 Qe1+ 41. Kg2 Qe2+ 42. Kg1 1/2-1/2

[Event "Nordic-ch U15"]
[Site "Fredericia"]
[Date "2020.02.15"]
[Round "3"]
[White "Apol, Luitjen Akselsson"]
[Black "Nielsen, Jon I Horni"]
[Result "1-0"]
[WhiteElo "2039"]
[BlackElo "1765"]
[PlyCount "57"]
[EventDate "2020.02.14"]
[EventType "swiss"]
[EventRounds "6"]
[EventCountry "DEN"]
[SourceTitle "EXT 2021"]
[Source "ChessBase"]
[SourceDate "2020.10.23"]
[SourceVersion "1"]
[SourceVersionDate "2020.10.23"]
[SourceQuality "1"]

1. e4 e5 2. Nf3 Nc6 3. Bb5 a6 4. Ba4 Nf6 5. 0-0 b5 6. Bb3 Bc5 7. d3 d6 8. c3 0-0 9. Nbd2 Re8 10. h3 Be6 11. Bc2 d5 12. exd5 Bxd5 13. Re1 Qd7 14. Nf1 Rad8 15. Bg5 Qd6 16. b4 Bb6 17. Ne3 Ne7 18. Bxf6 gxf6 19. Nh4 Bxe3 20. Rxe3 Kh8 21. d4 Rg8 22. Qh5 e4 23. Bxe4 Bxe4 24. Rxe4 Rg5 25. Qxf7 Ng8 26. Rae1 Qc6 27. Re7 Nxe7 28. Rxe7 Rdg8 29. Qxh7# 1-0

[Event "Nordic-ch U15"]
[Site "Fredericia"]
[Date "2020.02.14"]
[Round "2"]
[White "Nielsen, Jon I Horni"]
[Black "Veiergang, Oscar"]
[Result "1/2-1/2"]
[WhiteElo "1765"]
[BlackElo "1707"]
[PlyCount "80"]
[EventDate "2020.02.14"]
[EventType "swiss"]
[EventRounds "6"]
[EventCountry "DEN"]
[SourceTitle "EXT 2021"]
[Source "ChessBase"]
[SourceDate "2020.10.23"]
[SourceVersion "1"]
[SourceVersionDate "2020.10.23"]
[SourceQuality "1"]

1. e4 g6 2. Nf3 Bg7 3. d4 d6 4. Be2 Nd7 5. 0-0 c5 6. c3 b6 7. Be3 Ngf6 8. Qc2 Bb7 9. Nbd2 e6 10. e5 dxe5 11. dxe5 Nd5 12. Nc4 0-0 13. Rad1 Qc7 14. Nd6 Nxe5 15. Nxb7 Qxb7 16. Nxe5 Bxe5 17. Bf3 Qc7 18. Bxd5 exd5 19. f4 d4 20. cxd4 cxd4 21. Qxc7 Bxc7 22. Rxd4 Rad8 23. Rfd1 Rfe8 24. Kf2 f5 25. g3 Rxd4 26. Rxd4 Rd8 27. Ke2 Kf7 28. Rxd8 Bxd8 29. Kd3 Ke6 30. Kc4 a6 31. a4 Kd6 32. b4 Kc6 33. b5+ axb5+ 34. axb5+ Kd6 35. Bd4 Bc7 36. Be5+ Kd7 37. Kd5 Bd8 38. h4 Be7 39. Bd4 Bd8 40. Ke5 Ke7 1/2-1/2

[Event "Nordic-ch U20"]
[Site "Borgarnes"]
[Date "2019.02.15"]
[Round "1"]
[White "Nielsen, Jon I Horni"]
[Black "Wartiovaara, Oliver"]
[Result "0-1"]
[WhiteElo "1756"]
[BlackElo "2021"]
[PlyCount "58"]
[EventDate "2019.02.14"]
[EventType "swiss"]
[EventRounds "6"]
[EventCountry "ISL"]
[SourceTitle "CBM 189 Extra"]
[Source "ChessBase"]
[SourceDate "2019.06.03"]
[SourceVersion "1"]
[SourceVersionDate "2019.06.03"]
[SourceQuality "1"]

1. e4 c5 2. Nf3 Nc6 3. d4 cxd4 4. Nxd4 Nf6 5. Nc3 e5 6. Ndb5 d6 7. Bg5 a6 8. Na3 b5 9. Nd5 Be7 10. Bxf6 Bxf6 11. c3 Bg5 12. Be2 0-0 13. 0-0 Be6 14. Nc2 Ne7 15. Nce3 Bxe3 16. Nxe3 d5 17. exd5 Nxd5 18. Bf3 Nxe3 19. fxe3 Rb8 20. Qc2 f5 21. Rfe1 e4 22. Be2 Qg5 23. Bf1 h5 24. a4 Bc4 25. Bxc4+ bxc4 26. Rad1 Rb3 27. Rd4 Rfb8 28. Rb1 Qxe3+ 29. Kh1 Rxb2 0-1

[Event "Runavik op"]
[Site "Runavik"]
[Date "2018.11.14"]
[Round "4"]
[White "Nielsen, Jon I Horni"]
[Black "Nielsen, Suni i Horni"]
[Result "1-0"]
[WhiteElo "1710"]
[BlackElo "1563"]
[PlyCount "111"]
[EventDate "2018.11.12"]
[EventType "swiss"]
[EventRounds "9"]
[EventCountry "FAI"]
[SourceTitle "CBM 187 Extra"]
[Source "ChessBase"]
[SourceDate "2018.11.04"]
[SourceVersion "1"]
[SourceVersionDate "2018.11.04"]
[SourceQuality "1"]

1. e4 e5 2. Nf3 Nc6 3. Bc4 Nf6 4. d3 h6 5. Nc3 Bc5 6. Be3 Bb6 7. h3 d6 8. Qd2 Be6 9. Bb3 Qd7 10. Bxb6 axb6 11. 0-0 0-0 12. Ne2 Nh5 13. Nh2 Ne7 14. f4 exf4 15. Nxf4 Nxf4 16. Qxf4 Ng6 17. Qg3 Bxb3 18. axb3 Qc6 19. Qf2 Qb5 20. Rxa8 Rxa8 21. Qxf7+ Kh7 22. Ng4 Qg5 23. Rf5 Rf8 24. Qxf8 Nxf8 25. Rxg5 hxg5 26. Ne3 Ne6 27. Kf2 b5 28. g3 Kg6 29. b4 Kf6 30. c3 g6 31. Ng4+ Kf7 32. Ke3 c6 33. d4 Ng7 34. e5 d5 35. Nf6 Nf5+ 36. Kf3 Ng7 37. Nh7 Nf5 38. Nxg5+ Ke7 39. g4 Ng7 40. h4 b6 41. Kf4 Kd7 42. Nh7 Ne6+ 43. Ke3 Ng7 44. Nf6+ Ke6 45. h5 gxh5 46. gxh5 Kf7 47. h6 Nf5+ 48. Kf4 Nxh6 49. Kg5 Kg7 50. e6 Nf7+ 51. exf7 Kxf7 52. Nd7 Ke7 53. Nxb6 Kd8 54. Kf5 Kc7 55. Nxd5+ cxd5 56. Ke5 1-0

[Event "Runavik op"]
[Site "Runavik"]
[Date "2018.11.12"]
[Round "1"]
[White "Nielsen, Jon I Horni"]
[Black "Miezis, Normunds"]
[Result "0-1"]
[WhiteElo "1710"]
[BlackElo "2477"]
[PlyCount "86"]
[EventDate "2018.11.12"]
[EventType "swiss"]
[EventRounds "9"]
[EventCountry "FAI"]
[SourceTitle "CBM 187 Extra"]
[Source "ChessBase"]
[SourceDate "2018.11.04"]
[SourceVersion "1"]
[SourceVersionDate "2018.11.04"]
[SourceQuality "1"]

1. e4 c5 2. Nf3 e6 3. d4 cxd4 4. Nxd4 a6 5. Nc3 Qc7 6. Be3 Bb4 7. Qd2 Nf6 8. f3 d5 9. Bd3 e5 10. Nde2 d4 11. Nxd4 exd4 12. Bxd4 Nc6 13. Bxf6 gxf6 14. 0-0 Be6 15. a3 Bxc3 16. Qxc3 Qe5 17. Qd2 0-0-0 18. b4 Bc4 19. Qe3 Qd4 20. Qxd4 Rxd4 21. Bxc4 Rxc4 22. Rac1 Rd8 23. Rf2 Rc3 24. Ra1 Kc7 25. h3 Rd4 26. Kh2 Rdc4 27. Ra2 Nd4 28. Rd2 Nxc2 29. Rd5 Nxa3 30. Rf5 Rc6 31. e5 Nc2 32. Rb2 Ne3 33. Rf4 Nc4 34. Re2 Nxe5 35. Rh4 Rc2 36. Rxc2 Rxc2 37. Rf4 Rc6 38. Rh4 Rc4 39. Rxh7 Rxb4 40. h4 a5 41. Rh8 Ng6 42. Rh7 Rxh4+ 43. Rxh4 Nxh4 0-1

[Event "Faroes op"]
[Site "Sandavagur"]
[Date "2018.07.09"]
[Round "4"]
[White "Nielsen, Jon I Horni"]
[Black "Spiesberger, Gerhard"]
[Result "0-1"]
[WhiteElo "1735"]
[BlackElo "2058"]
[PlyCount "100"]
[EventDate "2018.07.07"]
[EventType "swiss"]
[EventRounds "9"]
[EventCountry "FAI"]
[SourceTitle "CBM 185 Extra"]
[Source "ChessBase"]
[SourceDate "2018.07.29"]
[SourceVersion "1"]
[SourceVersionDate "2018.07.29"]
[SourceQuality "1"]

1. e4 d5 2. exd5 Qxd5 3. Nc3 Qd8 4. d4 Nf6 5. Nf3 Bg4 6. Be2 e6 7. 0-0 Bd6 8. Re1 0-0 9. Bg5 Nbd7 10. Ne4 Be7 11. Ng3 Nh5 12. Bxe7 Qxe7 13. Nxh5 Bxh5 14. c4 c6 15. Nd2 Bxe2 16. Qxe2 Nf6 17. Ne4 Rad8 18. Rad1 Rd7 19. Rd3 Rfd8 20. Red1 Nxe4 21. Qxe4 Qf6 22. c5 Rd5 23. f3 R8d7 24. a3 Qd8 25. f4 Qf6 26. b4 Qf5 27. Qxf5 Rxf5 28. g3 g5 29. fxg5 Rxg5 30. Kf2 Rgd5 31. Ke3 f6 32. h4 h5 33. Ke4 Kf7 34. a4 a6 35. a5 Rd8 36. R1d2 Rg8 37. Rf2 f5+ 38. Kf4 Rg4+ 39. Ke3 Rxg3+ 40. Kd2 Rg4 41. Rh2 Rdxd4 42. Rxd4 Rxd4+ 43. Kc3 e5 44. Rf2 Kf6 45. Rh2 Ke6 46. Rg2 f4 47. Rg7 Rd7 48. Rg5 f3 49. Rg6+ Kf5 50. Rg8 Ke4 0-1

[Event "Nordic-ch U13"]
[Site "Heinola"]
[Date "2018.02.10"]
[Round "3"]
[White "Nielsen, Jon I Horni"]
[Black "Shehzad, Shazil Khan"]
[Result "0-1"]
[WhiteElo "1650"]
[BlackElo "1893"]
[PlyCount "98"]
[EventDate "2018.02.09"]
[EventType "swiss"]
[EventRounds "6"]
[EventCountry "FIN"]
[SourceTitle "EXT 2019"]
[Source "ChessBase"]
[SourceDate "2018.10.10"]
[SourceVersion "1"]
[SourceVersionDate "2018.10.10"]
[SourceQuality "1"]

1. e4 c5 2. Nf3 e6 3. d4 cxd4 4. Nxd4 a6 5. Bd3 Bc5 6. Nb3 Be7 7. 0-0 d6 8. Nc3 Nf6 9. f4 g6 10. Qe2 Qc7 11. Bd2 Nbd7 12. Rae1 Nc5 13. Nxc5 Qxc5+ 14. Kh1 b6 15. e5 Nd7 16. Ne4 Qc7 17. Bc3 d5 18. Nd6+ Kf8 19. f5 exf5 20. Nxf7 Rg8 21. Nh6 Rg7 22. e6 Nf6 23. g4 d4 24. Bxd4 Bb7+ 25. Kg1 Qc6 26. Kf2 Qg2+ 27. Ke3 Qh3+ 28. Kd2 Qxh6+ 29. Be3 Qh4 30. gxf5 g5 31. Kc1 Rc8 32. Bxa6 Qe4 33. Bd3 Qa4 34. a3 Bd5 35. Bb5 Qb3 36. Bd4 Be4 37. c3 Qa2 38. Bxf6 Qb1+ 39. Kd2 Qc2+ 40. Ke3 Bxf6 41. Kf2 Rc5 42. Kg3 Be5+ 43. Kh3 g4+ 44. Kh4 Bf6+ 45. Kh5 Qxe2 46. Rxe2 Bf3 47. Rd2 Rxf5+ 48. Kh6 Bg5+ 49. Kh5 Bxd2+ 0-1

[Event "FAI-chT2 1718"]
[Site "Faroe Islands"]
[Date "2018.01.20"]
[Round "4.4"]
[White "Olsen, Sjurdur"]
[Black "Nielsen, Jon I Horni"]
[Result "0-1"]
[WhiteElo "1697"]
[BlackElo "1557"]
[PlyCount "114"]
[EventDate "2017.10.22"]
[EventType "team-tourn"]
[EventRounds "10"]
[EventCountry "FAI"]
[SourceTitle "EXT 2020"]
[Source "ChessBase"]
[SourceDate "2019.10.17"]
[SourceVersion "1"]
[SourceVersionDate "2019.10.17"]
[SourceQuality "1"]
[WhiteTeam "Vestmanna"]
[BlackTeam "Sandavagur II"]
[WhiteTeamCountry "FAI"]
[BlackTeamCountry "FAI"]

1. e4 e5 2. Nf3 Nc6 3. Bb5 a6 4. Ba4 b5 5. Bb3 Nf6 6. d3 d6 7. 0-0 Bg4 8. c3 Be7 9. Bg5 0-0 10. Nbd2 Qd7 11. Qc2 Na5 12. d4 Nxb3 13. axb3 exd4 14. cxd4 Rfe8 15. d5 Bxf3 16. Nxf3 Nxe4 17. Bxe7 Rxe7 18. Rfe1 Nc5 19. Rxe7 Qxe7 20. Nd4 Qe4 21. Qxe4 Nxe4 22. Nxb5 Nc5 23. Nd4 Rb8 24. g3 Nxb3 25. Nxb3 Rxb3 26. Rxa6 Kf8 27. Ra7 Rxb2 28. Rxc7 Rd2 29. Kg2 Rxd5 30. Kf3 Re5 31. h4 g6 32. Kf4 h5 33. Ra7 Kg7 34. Kf3 Kf6 35. Kf4 Ke6 36. Rb7 Rf5+ 37. Ke3 Ra5 38. Kf4 f6 39. Rb8 Ra4+ 40. Ke3 Ke5 41. Rb5+ d5 42. Rb6 Ra3+ 43. Ke2 Ra2+ 44. Ke3 d4+ 45. Kf3 d3 46. Ke3 d2 47. Rb5+ Ke6 48. Rb1 Kf5 49. Rb5+ Kg4 50. Rd5 f5 51. Rd4+ Kh3 52. Rxd2 Rxd2 53. Kxd2 f4 54. gxf4 Kxh4 55. f5 gxf5 56. Ke2 Kg4 57. Kf1 Kf3 0-1

[Event "Runavik op"]
[Site "Runavik"]
[Date "2017.11.26"]
[Round "9"]
[White "Apol, Luitjen Akselsson"]
[Black "Nielsen, Jon I Horni"]
[Result "1-0"]
[WhiteElo "1651"]
[BlackElo "1630"]
[PlyCount "49"]
[EventDate "2017.11.20"]
[EventType "swiss"]
[EventRounds "9"]
[EventCountry "FAI"]
[SourceTitle "CBM 181 Extra"]
[Source "ChessBase"]
[SourceDate "2017.12.12"]
[SourceVersion "1"]
[SourceVersionDate "2017.12.12"]
[SourceQuality "1"]

1. e4 c5 2. Nf3 d6 3. d4 cxd4 4. Nxd4 Nf6 5. Nc3 g6 6. Be3 Bg7 7. f3 Nc6 8. Qd2 Bd7 9. 0-0-0 0-0 10. g4 Rc8 11. h4 h5 12. gxh5 Nxh5 13. Be2 Ne5 14. Rhg1 Nc4 15. Bxc4 Rxc4 16. Kb1 Qa5 17. Nd5 Qxd2 18. Nxe7+ Kh8 19. Rxd2 Bf6 20. Nd5 Bxh4 21. Rh2 Bd8 22. Nf4 Rc5 23. Nf5 Rxf5 24. exf5 Bxf5 25. Nxh5 1-0